[Event "Ruhrgebiet Verbandsliga1 1112"]
[Site "Nordrheinwestfalen"]
[Date "2011.11.13"]
[Round "3.7"]
[White "Dropmann, Heinz Josef"]
[Black "Kotter, Michael"]
[Result "0-1"]
[WhiteElo "1819"]
[BlackElo "1895"]
[PlyCount "74"]
[EventDate "2012.09.18"]
[EventType "team-tourn"]
[EventRounds "9"]
[EventCountry "GER"]
[SourceTitle "EXT 2020"]
[Source "ChessBase"]
[SourceDate "2019.10.17"]
[SourceVersion "1"]
[SourceVersionDate "2019.10.17"]
[SourceQuality "1"]
[WhiteTeam "Essen Ueberruhr"]
[BlackTeam "Horst Emscher II"]
[WhiteTeamCountry "GER"]
[BlackTeamCountry "GER"]

1. d4 Nf6 2. c4 e6 3. g3 Bb4+ 4. Bd2 Bxd2+ 5. Qxd2 d5 6. Bg2 0-0 7. Nf3 dxc4 8. Nc3 Nbd7 9. 0-0 c6 10. a4 Qc7 11. Rfd1 Rb8 12. a5 Rd8 13. Qc2 b5 14. axb6 axb6 15. b3 cxb3 16. Qxb3 Nd5 17. Rdc1 Nxc3 18. Rxc3 Bb7 19. Qc2 h6 20. Nd2 e5 21. d5 c5 22. Ra7 b5 23. e4 Ra8 24. Rxa8 Rxa8 25. Bh3 c4 26. Qb1 Ba6 27. Bxd7 Qxd7 28. Qb4 f5 29. f3 fxe4 30. fxe4 Bc8 31. Ra3 Rxa3 32. Qxa3 Qg4 33. Qf3 Qg5 34. Qc3 Bg4 35. Nf1 Qf6 36. Nd2 Bh3 37. Qb4 Qb6+ 0-1